Zákon o cestnej premávke s komentárom
Zákon č. 8/2008 Z.z. o cestnej premávke a o zmene a doplnení niektorých zákonov. Zákon upravuje pravidlá cestnej premávky, práva a povinnosti osôb v súvislosti s cestnou premávkou, pôsobnosť orgánov verejnej správy na úseku organizácie riadenia cestnej premávky, vedenie vozidiel, evidenciu vozidiel...
Guardado en:
| Autor principal: | |
|---|---|
| Otros Autores: | |
| Formato: | Capítulo de libro |
| Lenguaje: | eslovaco |
| Materias: | |
| Etiquetas: |
Sin Etiquetas, Sea el primero en etiquetar este registro!
|
MARC
| LEADER | 00000naa$a2200000$$$4500 | ||
|---|---|---|---|
| 001 | 0091824 | ||
| 005 | 20231120083127.3 | ||
| 041 | 0 | |a slo | |
| 044 | |a SK | ||
| 245 | 1 | 0 | |a Zákon o cestnej premávke s komentárom |c Lucia Hromádková, Edmund Horváth |
| 520 | |a Zákon č. 8/2008 Z.z. o cestnej premávke a o zmene a doplnení niektorých zákonov. Zákon upravuje pravidlá cestnej premávky, práva a povinnosti osôb v súvislosti s cestnou premávkou, pôsobnosť orgánov verejnej správy na úseku organizácie riadenia cestnej premávky, vedenie vozidiel, evidenciu vozidiel a správne delikty za porušenie tohto zákona. | ||
| 610 | 2 | 0 | |a doprava cestná |
| 610 | 2 | 0 | |a organizácia riadenia |
| 610 | 2 | 0 | |a správa verejná |
| 610 | 2 | 0 | |a úpravy právne |
| 610 | 2 | 0 | |a priestupky |
| 610 | 2 | 0 | |a zákony |
| 610 | 2 | 0 | |a komentáre |
| 610 | 2 | 0 | |a Slovensko |
| 610 | 2 | 0 | |a 2008 |
| 100 | 1 | |a Hromádková, Lucia | |
| 700 | 1 | |a Horváth, Edmund | |